| 000 | 00674nam a2200193 a 4500 | ||
|---|---|---|---|
| 001 | 000036134 | ||
| 005 | 20200930074916.0 | ||
| 008 | 111216s1966 mx ac 000 0 spa d | ||
| 040 |
_aDO-SdBNP _bspa _cBNPHU |
||
| 082 |
_axxxx _bV729b, 1966 |
||
| 100 | 1 |
_aVillee, Claude A. _962169 |
|
| 245 | 1 | 0 |
_aBiología. / _cClaude A. Villee ; traducción al español Jaime Roig, Roberto Folch Fabre. |
| 250 | _a4a ed. | ||
| 260 |
_aMéxico : _bInteramericana, _c1966. |
||
| 300 |
_a678 p. : _bils., retr. ; _c26 cm. |
||
| 590 | _aPerteneció a la biblioteca personal de Juan Isidro Jimenes Grullón | ||
| 700 | 1 |
_aRoig, Jaime, _etr. _962170 |
|
| 700 | 1 |
_aFolch Fabre, Roberto, _etr. _962171 |
|
| 999 |
_c35625 _d35625 |
||